Management Organization (Record no. 361100)

MARC details
000 -LEADER
fixed length control field 003360000a22001450004500
005 - DATE AND TIME OF LATEST TRANSACTION
control field 20120302064030.0
040 ## - CATALOGING SOURCE
Original cataloging agency Eng
100 ## - MAIN ENTRY--PERSONAL NAME
Personal name Wickesherg,Albert K.
245 ## - TITLE STATEMENT
Title Management Organization
260 ## - PUBLICATION, DISTRIBUTION, ETC. (IMPRINT)
Place of publication, distribution, etc Bombay:The Times of India press,1970.
300 ## - PHYSICAL DESCRIPTION
Extent xiii,233p.
365 ## - TRADE PRICE
Price amount 4/-
650 ## - SUBJECT ADDED ENTRY--TOPICAL TERM
Topical term or geographic name as entry element Organization
942 ## - ADDED ENTRY ELEMENTS (KOHA)
Koha item type Book
Holdings
Withdrawn status Lost status Damaged status Not for loan Home library Current library Date acquired Total Checkouts Barcode Date last seen Price effective from
        Institute For Oriental Study, Thane Institute For Oriental Study, Thane 12/02/2009   IOS-E 22152 12/02/2009 12/02/2009